LEADER 01039cam0-22003371i-450- 001 990007024080403321 005 20070704100646.0 010 $a88-15-07851-7 035 $a000702408 035 $aFED01000702408 035 $a(Aleph)000702408FED01 035 $a000702408 100 $a20020108d2000----km-y0itay50------ba 101 0 $aita 102 $aIT 105 $ay-------001yy 200 1 $a<>insegnanti nella scuola che cambia$eseconda indagine IARD sulle condizioni di vita e di lavoro nella scuola italiana$fa cura di Alessandro Cavalli 210 $aBologna$cIl mulino$d2000 215 $a451 p.$d22 cm 225 1 $aStudi e ricerche$v459 610 0 $aInsegnanti$aItalia 676 $a305.9372$v21$zita 702 1$aCavalli,$bAlessandro$f<1939- > 710 02$aIstituto IARD$0250935 801 0$aIT$bUNINA$gRICA$2UNIMARC 901 $aBK 912 $a990007024080403321 952 $aCollez. 103 (459)$b37833$fFSPBC 959 $aFSPBC 996 $aInsegnanti nella scuola che cambia$9513558 997 $aUNINA LEADER 02370nam 2200709Ia 450 001 9910785279103321 005 20230725024827.0 010 $a1-282-72397-9 010 $a9786612723971 010 $a1-4081-3874-3 035 $a(CKB)2670000000041579 035 $a(EBL)1986641 035 $a(SSID)ssj0000428820 035 $a(PQKBManifestationID)11280455 035 $a(PQKBTitleCode)TC0000428820 035 $a(PQKBWorkID)10430109 035 $a(PQKB)11584871 035 $a(MiAaPQ)EBC1986641 035 $a(Au-PeEL)EBL1986641 035 $a(CaPaEBR)ebr10404984 035 $a(CaONFJC)MIL272397 035 $a(OCoLC)905985696 035 $a(EXLCZ)992670000000041579 100 $a20090811d2010 uy 0 101 0 $aeng 135 $aur|n|---||||| 181 $ctxt 182 $cc 183 $acr 200 14$aThe status of birds in Britain and Ireland$b[electronic resource] /$fDavid T. Parkin and Alan G. Knox 210 $aLondon $cChristopher Helm$d2010 215 $a1 online resource (473 p.) 225 0 $aHelm county avifauna 300 $aDescription based upon print version of record. 311 $a1-4729-6127-7 311 $a1-4081-2500-5 320 $aIncludes bibliographical references and index. 327 $aCover; Titlepage; CONTENTS; PREFACE; INTRODUCTION; NON-PASSERINES; PASSERINES; APPENDIX 1 SPECIES LISTS; APPENDIX 2 CATEGORY D; REFERENCES; INDEX 330 $aA comprehensive review of the status and distribution of birds in Britain and Ireland. 410 0$aHelm Country Avifaunas 606 $aBirds$zGreat Britain 606 $aBirds$zIreland 606 $aBirds$zGreat Britain$xGeographical distribution 606 $aBirds$zIreland$xGeographical distribution 606 $aBird populations$zGreat Britain 606 $aBird populations$zIreland 615 0$aBirds 615 0$aBirds 615 0$aBirds$xGeographical distribution. 615 0$aBirds$xGeographical distribution. 615 0$aBird populations 615 0$aBird populations 676 $a598.0941 700 $aParkin$b David T$01508947 701 $aKnox$b A. G$g(Alan G.)$01508948 801 0$bMiAaPQ 801 1$bMiAaPQ 801 2$bMiAaPQ 906 $aBOOK 912 $a9910785279103321 996 $aThe status of birds in Britain and Ireland$93740474 997 $aUNINA